00569nam a2200109 4500082001200000100009700012245013300109260007500242300001500317536004600332650008100378 aRR.0350 aRaja, V. AnjiuInstitute of Public Enterprise, Osmania UniversityvHyderabad, Andhra Pradesh aRural Urban Migration in Andhra Pradesh: ba study on socio-economic impact on the families of migratory farmers/cV. Anji Raja aHyderabad, Andhra Pradesh:bIndian Council of Social Science Research, avii, 102p. aIndian Council of Social Science Research aRural Urban MigrationaFarmer MigrationxMigration, InternalzAndhra Pradesh